Sociedad Cívica la Ciudad Jardín
Descripción Física:
6 p. ; 21 cm
Materias:
Societat Cívica la Ciutat Jardí
MARC
| LEADER | 00000nam a2200000Ia 4500 | ||
|---|---|---|---|
| 001 | 21530 | ||
| 008 | 160829s9999 xx 000 0 cat d | ||
| 080 | |a RF-14-2 | ||
| 110 | 2 | |a Ciutat Jardí (Organització) |9 56394 | |
| 245 | |a Sociedad Cívica la Ciudad Jardín | ||
| 260 | |a Barcelona : |b La Ciudad, [1912?] | ||
| 300 | |a 6 p. ; |c 21 cm | ||
| 590 | |a Prové de 3389, exp. 10. | ||
| 590 | |a No té cobertes | ||
| 650 | |a Societat Cívica la Ciutat Jardí | ||
| 856 | 4 | |u https://media.diba.cat/diba/fitxers/arxiu/fulletons/bib_21530_1912_baixa.pdf |y Accés lliure | |
| 856 | 4 | |u https://media.diba.cat/diba/fitxers/arxiu/fulletons/bib_21530_1912_baixa.pdf |y Accés lliure | |
| 901 | |a Arxiu | ||
| 942 | |n 1 |2 udc | ||
| 952 | |0 0 |1 0 |4 0 |6 RF142 |7 1 |9 54086 |a Arxiu |b Arxiu |d 2016-12-01 |l 0 |o RF-14-2 |p 21530 |r 2016-12-01 00:00:00 |w 2016-12-01 |y ARXIU | ||
| 999 | |c 57954 |d 57954 | ||
| 900 | |a bib_21530_1912_baixa.pdf | ||